| 000 | 00942nam a2200217 a 4500 | ||
|---|---|---|---|
| 001 | 78673 | ||
| 003 | BD-RjUL | ||
| 005 | 20211209083147.0 | ||
| 008 | 211031s2021 bg ||||| |||| 00| 0 ben d | ||
| 035 | _a(BD-RjUL)78899 | ||
| 040 |
_aBD-RjUL _beng _cBD-RjUL |
||
| 041 | _aben | ||
| 082 |
_223 _a892.7134 _bHOA 2021 |
||
| 100 |
_aহুসাইন, মুহা. বিলাল _9249487 |
||
| 245 |
_aআবুল 'আলা আল মা'আররী ও তাঁর আল-মাখলূকাতু 'আবীদুল্লাহ কবিতা / _cমুহা. বিলাল হুসাইন |
||
| 260 |
_aরাজশাহী : _bহামিদা পাবলিকেশন, _c২০২১ |
||
| 300 |
_a৫০ পৃ.; _b২১ সেমি. |
||
| 600 |
_aআবু আল-আলা'আল-মাআরি _d৯৭৩-১০৫৭ _9249502 |
||
| 600 |
_aAbū al-ʻAlāʼ al-Maʻarrī, _d973-1057 _9249503 |
||
| 942 |
_2ddc _cBK |
||
| 999 |
_c78673 _d78673 |
||